01010nam a2200277 a 450000100100000000500170001000800410002704000250006804100380009308200190013110000300015024000250018024500950020526000470030030000330034749000180038050400380039853400330043665000180046970000280048770000430051583000250055804900090058395201230059299900170071500002611620200930024321.0110301s1970 sp a r 000 0 spa d aDO-SdBNPbspacBNPHU17aspahfre2Código de idioma MARC a612.391bC399h1 aCépède, Michel95306610aLa faim.lEspañol:10aEl hambre /cMichel Cépède y Hugues Gounelle ; traducción José Luis Ruiz Castillo. aBarcelona, (España) :bOikos-Tau,c1970. a123, [4] p. :bil. ;c18 cm.1 aQue se? ;v14 aIncluye bibliografía (p. [125]) aTítulo original:tLa faim. 4aHambre9530671 aGounelle, Hugues9530681 aRuiz Castillo, José Luisetr.953069 0aQue se? ;v14927270 aBNGR 001054708MOaGRbGRcCTd2011-03-01iLF1l0o612.391 C399hp26116-10r2020-06-25w2020-06-25y4ZPréstamo en sala c25608d25608